Paroles - Je vais t'aimer - Michel Sardou - Statistiques

Statistiques générales
  • Ce quiz a été pris 794 fois
  • Le résultat moyen est 188 sur 230
Statistiques - réponses
Réponse % Correct
À
99%
à
99%
Je
99%
t'a
98%
vais
98%
t'aimer
97%
les
95%
de
94%
aimé
93%
comme
93%
jamais
93%
la
93%
faire
92%
tous
92%
ne
91%
on
90%
marquis
88%
pâlir
87%
putains
84%
et
83%
murs
81%
Sade
81%
tes
81%
se
80%
rougir
78%
trembler
78%
aimée
75%
que
75%
rade
75%
imaginé
74%
personne
73%
plus
73%
être
71%
n'a
71%
rêves
71%
Saints
70%
ont
69%
osé
69%
seins
69%
crier
68%
échos
68%
j'aurais
68%
Jéricho
68%
loin
65%
Dieu
64%
nos
64%
grâce
63%
yeux
63%
tellement
62%
dans
61%
mains
59%
des
58%
tonnerres
58%
supplier
52%
dresser
50%
enfers
48%
encore
47%
l'amour
47%
nuit
46%
jusqu'à
44%
d'amour
42%
folie
42%
prier
41%
brûler
40%
passion
40%
corps
39%
croire
39%
jour
37%
morts
37%
blanchir
36%
cieux
36%
flamber
35%
jurer
35%
lumière
35%
aux
34%
jusqu'au
32%
âmes
30%
mourir
30%
septièmes
30%
fermer
28%
vieillir
19%
souffrir
18%
voler
17%
cerner
15%
Aucun quiz correspondant
Distribution des résultats
% des personnes avec chaque résultat
Percentile par nombre de réponses
Votre historique - résultats
Vous n’avez pas pris ce quiz